Stávame sa dynamickejší. Kolektívne investovanie v uplynulých rokoch získava skúsenosti

Investovanie slovenskho investora. Zmena počtu fondov. Investičný horizont.

Gespeichert in:
Bibliographische Detailangaben
1. Verfasser: Škriniar, Pavel, 1979-
Format: Buchkapitel
Sprache:Slowakisch
Schlagworte:
Tags: Tag hinzufügen
Keine Tags, Fügen Sie das erste Tag hinzu!

MARC

LEADER 00000naa$a2200000$$$4500
001 0091445
005 20240502072023.8
041 0 |a slo 
044 |a SK 
245 1 0 |a Stávame sa dynamickejší. Kolektívne investovanie v uplynulých rokoch získava skúsenosti  |c Pavel Škriniar 
520 |a Investovanie slovenskho investora. Zmena počtu fondov. Investičný horizont. 
610 2 0 |a trh 
610 2 0 |a investovanie kolektívne 
610 2 0 |a peniaze 
610 2 0 |a investori 
100 1 |a Škriniar, Pavel, 1979-